[Event "Heusenstamm Sparkassen op-B 5th"]
[Site "Heusenstamm"]
[Date "2018.11.25"]
[Round "6"]
[White "Boder, Joerg"]
[Black "Werner, Florin"]
[Result "0-1"]
[WhiteElo "1466"]
[BlackElo "1234"]
[PlyCount "32"]
[EventDate "2018.11.22"]
[EventType "swiss"]
[EventRounds "7"]
[EventCountry "GER"]
[SourceTitle "CBM 187 Extra"]
[Source "ChessBase"]
[SourceDate "2018.11.04"]
[SourceVersion "1"]
[SourceVersionDate "2018.11.04"]
[SourceQuality "1"]

1. b3 e5 2. Bb2 Nc6 3. e3 d5 4. Bb5 Bd6 5. Nf3 Qe7 6. Nc3 Nf6 7. Bxc6+ bxc6 8. 0-0 Bg4 9. h3 Bh5 10. g4 Nxg4 11. Ne2 e4 12. hxg4 exf3 13. Ng3 Bxg4 14. d4 Qh4 15. Qd2 Qh3 16. e4 Qg2# 0-1

[Event "Heusenstamm Sparkassen op-B 4th"]
[Site "Heusenstamm"]
[Date "2017.11.25"]
[Round "4"]
[White "Ebeling, Gereon"]
[Black "Boder, Joerg"]
[Result "1-0"]
[WhiteElo "1517"]
[BlackElo "1139"]
[PlyCount "67"]
[EventDate "2017.11.23"]
[EventType "swiss"]
[EventRounds "7"]
[EventCountry "GER"]
[SourceTitle "EXT 2019"]
[Source "ChessBase"]
[SourceDate "2018.10.10"]
[SourceVersion "1"]
[SourceVersionDate "2018.10.10"]
[SourceQuality "1"]

1. e4 c5 2. Nf3 Nc6 3. d4 e6 4. Nc3 cxd4 5. Nxd4 g6 6. Bc4 Bg7 7. Ndb5 Be5 8. Nd6+ Ke7 9. Nxc8+ Rxc8 10. Bd2 Nb4 11. Bd3 Nxd3+ 12. cxd3 Qc7 13. Rc1 Nf6 14. Nd5+ Nxd5 15. Rxc7 Nxc7 16. Qb3 a6 17. a4 b5 18. Bc3 Bxc3+ 19. Qxc3 f6 20. Qa3+ Kf7 21. 0-0 e5 22. Rc1 Ne6 23. Rd1 Nd4 24. Qd6 Rhd8 25. Qxa6 Rc6 26. Qa7 Rdc8 27. Qxd7+ Kg8 28. h3 Rc1 29. Rxc1 Rxc1+ 30. Kh2 Rc2 31. axb5 Rxb2 32. Qd8+ Kg7 33. b6 Ne6 34. Qe7+ 1-0